000 00337nam a2200145Ia 4500
005 20250311082740.0
008 240331s9999 xx 000 0 und d
082 _bBAL
_a894
100 _aBalakrishnan, M
245 0 _aIru veru ehu pookal
260 _aColombo
_bShanthi book Depot
300 _a32 p .,
650 _aPoems
942 _cL
999 _c3818
_d3818